LIBRARY & INFORMATION CENTRE, KCAET, TAVANUR

ONLINE PUBLIC ACCESS CATALOGUE (OPAC)

All about the Baby / (Record no. 753)

MARC details
000 -LEADER
fixed length control field 00381cam a2200145ua 4500
041 ## - LANGUAGE CODE
Language code of text/sound track or separate title eng
082 ## - DEWEY DECIMAL CLASSIFICATION NUMBER
Classification number 612.654
Item number WOO/AL
100 ## - MAIN ENTRY--AUTHOR NAME
Personal name Wood, Bellecomstock .
245 ## - TITLE STATEMENT
Title All about the Baby /
260 ## - PUBLICATION, DISTRIBUTION, ETC. (IMPRINT)
Place of publication Poona :
Name of publisher Oriental watchman publishing house, ,
Year of publication 1950.
300 ## - PHYSICAL DESCRIPTION
Number of Pages 364 ; .
942 ## - ADDED ENTRY ELEMENTS (KOHA)
Koha item type Books
Holdings
Withdrawn status Lost status Damaged status Home library Current library Date acquired Full call number Accession Number Koha item type
      KAUAET KAUAET 07/04/2012 612.654 3416 Books
free website counter